[Event "Berlin Lichtenberger op 18th"]
[Site "Berlin"]
[Date "2019.08.25"]
[Round "9"]
[White "Nareyek, Matthias"]
[Black "Eichstaedt, Torsten"]
[Result "1-0"]
[WhiteElo "1448"]
[BlackElo "1401"]
[PlyCount "43"]
[EventDate "2019.08.17"]
[EventType "swiss"]
[EventRounds "9"]
[EventCountry "GER"]
[SourceTitle "EXT 2020"]
[Source "ChessBase"]
[SourceDate "2019.10.17"]
[SourceVersion "1"]
[SourceVersionDate "2019.10.17"]
[SourceQuality "1"]

1. Nf3 Nf6 2. g3 c6 3. Bg2 d5 4. 0-0 Nbd7 5. d3 e6 6. Nbd2 Be7 7. e4 dxe4 8. dxe4 e5 9. Nc4 Qc7 10. Nh4 b5 11. Ne3 0-0 12. Nef5 Nc5 13. Nxe7+ Qxe7 14. Qe2 a5 15. Re1 Be6 16. b3 Rac8 17. Bb2 Qc7 18. Rf1 Ne8 19. f4 f6 20. fxe5 fxe5 21. Rxf8+ Kxf8 22. Qf2+ 1-0

[Event "Berlin Lichtenberger op 18th"]
[Site "Berlin"]
[Date "2019.08.23"]
[Round "7"]
[White "Kreuchauf, Olaf"]
[Black "Nareyek, Matthias"]
[Result "1-0"]
[WhiteElo "1690"]
[BlackElo "1448"]
[PlyCount "89"]
[EventDate "2019.08.17"]
[EventType "swiss"]
[EventRounds "9"]
[EventCountry "GER"]
[SourceTitle "EXT 2020"]
[Source "ChessBase"]
[SourceDate "2019.10.17"]
[SourceVersion "1"]
[SourceVersionDate "2019.10.17"]
[SourceQuality "1"]

1. d4 Nf6 2. c4 g6 3. Nc3 Bg7 4. e4 d6 5. h3 0-0 6. Bg5 Nbd7 7. Bd3 h6 8. Be3 e5 9. d5 c6 10. Rc1 Nh7 11. Qd2 a5 12. Nge2 Qe7 13. 0-0 Kh8 14. Bb1 Rg8 15. f4 Qh4 16. Bf2 Qe7 17. Rcd1 c5 18. Qe1 Nb6 19. b3 exf4 20. Nxf4 Be5 21. Nce2 g5 22. Nd3 g4 23. Nxe5 dxe5 24. h4 Bd7 25. a3 Rg7 26. b4 axb4 27. axb4 Ra3 28. Bxc5 Qd8 29. Bxb6 Qxb6+ 30. c5 Qd8 31. g3 Ng5 32. hxg5 Qxg5 33. Rd3 Ra1 34. Rf2 Bb5 35. Rb3 h5 36. Qc1 Qg6 37. Nc3 Bd3 38. Qe1 h4 39. gxh4 g3 40. Rg2 Qh6 41. Qd2 Qxh4 42. Qxd3 Rh7 43. Qxg3 Qh1+ 44. Kf2 Ra8 45. Qxe5+ 1-0